000 01073nam0a22002411i 4500
001 rc\672813
005 20240723205553.0
035 _a(NLR Aleph) 005911058
090 _a6377140
_c6377140
100 _a20031121d1986 u |0rusy50 ca
101 0 _arus
102 _aRU
105 _ay |||||||||
200 1 _aОсобенности воспроизводства основных производственных фондов в условиях ускорения научно-технического прогресса
_e(На прим. пром-сти и чер. металлургии СССР)
_eАвтореф. дис. на соиск. учен. степ. д. э. н.
_fАкад. нар. хоз-ва при Совете Министров СССР
210 _aМ.
_d1986
215 _a48 с.
320 _aСписок работ авт.: с. 45-48
333 _aДСП. Экз. № 5
700 1 _aУрчукин
_bВ.Г.
_gВиктор Григорьевич
801 0 _aRU
_bNLR
_gpsbo
801 1 _aRU
_bELAR
_2rusmarc
852 _aNLR
_j87-50К/3666
942 _cBOOK